00476nam a2200193 a 4500001001300000003000900013005001700022008004100039020002200080082001600102100001300118245002900131260003800160300000800198500003500206650001000241650001800251700001300269nice12345678IN_TiNIC20260116014758.0090727s2006 newa grp 000 0 eng  a8189524127 c2500a297.09bROY aRoy, M N aHistorical Role of Islam aNew Delhi bCritical Quest c2006 a40p aincludes index and biblioraphy aIslam aIslam-History1 aRoy, M N